Historia wrocławskiej uniwersyteckiej chirurgii stomatologicznej
| Titel: | Historia wrocławskiej uniwersyteckiej chirurgii stomatologicznej / Piotr Bilski, Marzena Dominiak |
|---|---|
| Verfasser: | ; |
| Veröffentlicht: | Wrocław : Uniwersytet Medyczny im. Piastów Śląskich we Wrocławiu, 2024 |
| Umfang: | 196 Seiten : Illustrationen |
| Format: | Buch |
| Sprache: | Polnisch |
| ISBN: | 9788370556952 |
| Hinweise zum Inhalt: |
Buch Bibliographie
Cover Inhaltsverzeichnis |
alg: 52791821 001A $03004:07-03-25 001B $03025:23-10-25 $t11:14:11.000 001D $03004:03-04-25 001U $0utf8 001X $00 002@ $0Aau 002C $aText $btxt $2rdacontent 002D $aohne Hilfsmittel zu benutzen $bn $2rdamedia 002E $aBand $bnc $2rdacarrier 003@ $0527918210 004A $A978-83-7055-695-2 007A $0527918210 $aHEB 009P $qapplication/pdf $A2 $3Buch Bibliographie $uhttp://scans.hebis.de/HEBCGI/show.pl?52791821_bib.pdf $mV:DE-603;B:DE-Mb50 009P $qapplication/pdf $A2 $3Cover $uhttp://scans.hebis.de/HEBCGI/show.pl?52791821_cov.pdf $mV:DE-603;B:DE-Mb50 009P $qapplication/pdf $A2 $3Inhaltsverzeichnis $uhttp://scans.hebis.de/HEBCGI/show.pl?52791821_toc.pdf $mV:DE-603;B:DE-Mb50 010@ $apol 010E $erda 011@ $a2024 021A $aHistoria wrocławskiej uniwersyteckiej chirurgii stomatologicznej $hPiotr Bilski, Marzena Dominiak 028A $BVerfasser $4aut $71139135783 $8Bilski, Piotr$Z1977- [Tp3] $941615025X 028C $BVerfasser $4aut $7 $8Dominiak, Marzena [Tnu] $9527918075 033A $pWrocław $nUniwersytet Medyczny im. Piastów Śląskich we Wrocławiu 034D $a196 Seiten 034M $aIllustrationen 037A $aQuellen- und Literaturverzeichnis Seite 180-195 044K $RUniversität Frankfurt $RUniversität Breslau $RUniwersytet Wrocławski $#Friedrich-Wilhelms-Universität zu Breslau $#Schlesische Friedrich-Wilhelms-Universität zu Breslau $#Universitas Literaria Vratislaviensis $#Literarum Universitas Vratislaviensis $#Königliche Universität Breslau $#Universitas Vratislaviensis $#Universitas Litterarum Vratislaviensis $#Universitas Litterarum Viadrina Vratislaviensis $#Universitas Wratislaviensis $#Università di Breslavia $72024162-8 $8Universität Breslau [Tb1] $9042775833 044K $RMundhöhlenkrankheit $RMundkrankheit $RZahnmedizin $#Oral medicine $#Stomatologie $#Stomatologia $#Estomatología $#Oral Medicine $#Mundheilkunde $74077924-5 $8Stomatologie [Ts1] $9085220760 044K $RZahnkrankheit $RStomatologie $#Dentistry $#Odontostomatologie $#Odontoiatria $#Odontología $#Dentistry $#Zahnmedizin $#Zahnmedizin $#Odontologie $#Zahn-, Mund- und Kieferheilkunde $#Zahn-Mund-Kieferheilkunde $#Zahnheilkunde $74079454-4 $8Zahnmedizin [Ts1] $9085225983 044K $RStudium $RMedizinische Ausbildung $#Medicine Study and teaching $#Médecine Étude et enseignement $#Education, Medical, Undergraduate $#Medizin Studium $#Medizinisches Studium $74038291-6 $8Medizinstudium [Ts1] $9085104612 045F $a370.943809034 $eDDC23BSB 045F/01 $a370.9 045F/03 $f09034 045F/03 $f0904 045F/03 $f0905 045F/03 $g438 045G $a610.943809034 $eDDC23BSB 045G/01 $a610.9 045G/03 $f09034 045G/03 $f0904 045G/03 $f0905 045G/03 $g438 045R $aGeschichte 1810-2020 lok: 52791821 24 exp: 52791821 24 1 #EPN 201B/01 $004-04-25 $t10:38:55.000 201C/01 $007-03-25 201U/01 $0utf8 203@/01 $01294591916 208@/01 $a04-04-25 $bz 209A/01 $a25.01704 $du $f050 $h25 01704 $x00 209C/01 $a25.01704 K $h25 01704 K 209G/01 $a75082347 $x00 220C/01 $ahae 247C/01 $8358050-7Marburg, Bibliothek des Herder-Instituts Marburg $9102600961 lok: 52791821 78 exp: 52791821 78 1 #EPN 201B/01 $023-10-25 $t11:14:11.000 201C/01 $023-10-25 201U/01 $0utf8 203@/01 $01320405150 208@/01 $a23-10-25 $be 209A/01 $a/ $f000 $x00 209A/01 $ab*p $x01 220C/01 $apgar 244Z/01 $#Generalgouvernement Polen $#Polska $#Rzeczpospolita Polska $#Polska Rzeczpospolita Ludowa $#Poland $#Pologne $#République Polonaise $#Generalne Gubernatorstwo w Polsce $#Polish People's Republic $#Polska Rzeczpospolita Polen $#PRL $#RP $#Polen Generalgouvernement $#Polska Generalgouvernement $#Besetzte Polnische Gebiete $#Besetztes Gebiet in Polen $#Okupowane Polskie Obszary $#Obszary Okupowane w Polsce $#Volksrepublik Polen $#Polska Rosyjska $#Republic Polen $#Respublika Pol'ša $#Pol'skaja Narodnaja Respublika $#République de Pologne $#Polen Links der Weichsel $#Polska po Lewej Stronie Wisły $#Lenkija $#Polija $#Gubernija Carstva Pol'skago $#Republik Polen $74046496-9 $8--Tg1--Polen $x01 $9085129801 244Z/01 $#Schlesien $#Schlesien $#Herzogtum Schlesien $#Herzogtum Schlesien Schlesien $#Provinz Schlesien $#Śla̜sk $#Slezsko $#Silesia $74052678-1 $8--Tg1--Schlesien $x02 $9085146781 244Z/01 $#Breslau $#Wrocław $#Wrotizla $#Breßlau $#Breßlaw $#Vroclav $#Vratislav $#Vratislavia $#Vratislauiae $#Bresslau $#Wratislavia $#Brassel $#Bresla $#Wratislava $#Smirna $#Breslavia $#Wroclaw $74008216-7 $8--Tg1--Breslau $x03 $9085014184 247C/01 $82080>Marburg/Lahn, Herder-Institut, Forschungsbibliothek, Bibliographieportal $9336309341
| LEADER | 00000cam a2200000 c 4500 | ||
|---|---|---|---|
| 001 | 527918210 | ||
| 003 | DE-603 | ||
| 005 | 20251023111411.0 | ||
| 007 | tu | ||
| 008 | 250307s2024 xx |||| | u00||u|pol c | ||
| 020 | |a 9788370556952 | ||
| 035 | |a (DE-599)HEB527918210 | ||
| 040 | |a DE-603 |b ger |c DE-603 |d DE-603 |e rda | ||
| 041 | |a pol | ||
| 082 | 0 | 4 | |8 1\u |a 370.943809034 |q DE-101 |2 23/BSB |
| 083 | 0 | |8 2\u |a 610.943809034 |q DE-101 |2 23/BSB | |
| 085 | |8 1\u |b 370.9 | ||
| 085 | |8 1\u |z 1 |s 09034 | ||
| 085 | |8 1\u |z 1 |s 0904 | ||
| 085 | |8 1\u |z 1 |s 0905 | ||
| 085 | |8 1\u |z 2 |s 438 | ||
| 085 | |8 2\u |b 610.9 | ||
| 085 | |8 2\u |z 1 |s 09034 | ||
| 085 | |8 2\u |z 1 |s 0904 | ||
| 085 | |8 2\u |z 1 |s 0905 | ||
| 085 | |8 2\u |z 2 |s 438 | ||
| 100 | 1 | |a Bilski, Piotr |d 1977- |e Verfasser |4 aut |0 (DE-603)41615025X |0 (DE-588)1139135783 |2 gnd | |
| 245 | 0 | 0 | |a Historia wrocławskiej uniwersyteckiej chirurgii stomatologicznej |c Piotr Bilski, Marzena Dominiak |
| 264 | 1 | |a Wrocław |b Uniwersytet Medyczny im. Piastów Śląskich we Wrocławiu |c 2024 | |
| 300 | |a 196 Seiten |b Illustrationen | ||
| 336 | |a Text |b txt |2 rdacontent | ||
| 337 | |a ohne Hilfsmittel zu benutzen |b n |2 rdamedia | ||
| 338 | |a Band |b nc |2 rdacarrier | ||
| 500 | |a Quellen- und Literaturverzeichnis Seite 180-195 | ||
| 610 | 1 | 7 | |a Universität Breslau |2 gnd |0 (DE-588)2024162-8 |0 (DE-603)042775833 |
| 648 | 7 | |a Geschichte 1810-2020 |2 gnd | |
| 650 | 7 | |a Stomatologie |0 (DE-588)4077924-5 |0 (DE-603)085220760 |2 gnd | |
| 650 | 7 | |a Zahnmedizin |0 (DE-588)4079454-4 |0 (DE-603)085225983 |2 gnd | |
| 650 | 7 | |a Medizinstudium |0 (DE-588)4038291-6 |0 (DE-603)085104612 |2 gnd | |
| 700 | 1 | |a Dominiak, Marzena |e Verfasser |4 aut |0 (DE-603)527918075 | |
| 856 | 4 | 2 | |m V:DE-603;B:DE-Mb50 |q application/pdf |u http://scans.hebis.de/HEBCGI/show.pl?52791821_bib.pdf |3 Buch Bibliographie |
| 856 | 4 | 2 | |m V:DE-603;B:DE-Mb50 |q application/pdf |u http://scans.hebis.de/HEBCGI/show.pl?52791821_cov.pdf |3 Cover |
| 856 | 4 | 2 | |m V:DE-603;B:DE-Mb50 |q application/pdf |u http://scans.hebis.de/HEBCGI/show.pl?52791821_toc.pdf |3 Inhaltsverzeichnis |
| 924 | 0 | |9 Mb 50 |a (DE-603)1294591916 |b DE-Mb50 |c HES |d c |g 25.01704 | |
| 924 | 0 | |9 2080 |a (DE-603)1320405150 |b DE-2080 |c HES |d d |g / | |


